KOHA-Header-6

Ahmed Shah Abdali (Record no. 9673)

000 -LEADER
fixed length control field 00252nam a2200109Ia 4500
100 ## - MAIN ENTRY--AUTHOR NAME
Personal name Ganda Singh
245 #0 - TITLE STATEMENT
Title Ahmed Shah Abdali
260 ## - PUBLICATION, DISTRIBUTION, ETC. (IMPRINT)
Place of publication Canada
Name of publisher Mushtaq Book
Year of publication 2004
300 ## - PHYSICAL DESCRIPTION
Number of Pages 828
942 ## - ADDED ENTRY ELEMENTS (KOHA)
Koha item type Books
Holdings
Withdrawn status Lost status Collection code Permanent Location Current Location Shelving location Date acquired Full call number Accession Number Koha item type
    Urdu Literature MAJU MAJU   2019-09-14 621.38 5574 Urdu Literature

Powered by Koha